Determining wind actions using Eurocode 1 (Record no. 115570)
[ view plain ]
| 000 -LEADER | |
|---|---|
| fixed length control field | 01184cam a22003135a 4500 |
| 001 - CONTROL NUMBER | |
| control field | L158891 |
| 008 - FIXED-LENGTH DATA ELEMENTS--GENERAL INFORMATION | |
| fixed length control field | 100114s2015 xxko f 000 0 eng d |
| 020 ## - INTERNATIONAL STANDARD BOOK NUMBER | |
| International Standard Book Number | 9781848064249 |
| 035 ## - SYSTEM CONTROL NUMBER | |
| System control number | (Sirsi) u158891 |
| 041 0# - LANGUAGE CODE | |
| Language code of text/sound track or separate title | eng |
| 050 04 - LIBRARY OF CONGRESS CALL NUMBER | |
| Classification number | 690 $2 18 |
| 100 1# - MAIN ENTRY--PERSONAL NAME | |
| Personal name | Blackmore, Paul |
| 245 00 - TITLE STATEMENT | |
| Title | Determining wind actions using Eurocode 1 |
| Remainder of title | Part 2 |
| -- | Worked examples - wind loads on a two-storey house and 128 m tower |
| 260 ## - PUBLICATION, DISTRIBUTION, ETC. | |
| Place of publication, distribution, etc. | Watford |
| Name of publisher, distributor, etc. | BRE |
| Date of publication, distribution, etc. | 2015 |
| 300 ## - PHYSICAL DESCRIPTION | |
| Extent | 16p. |
| Other physical details | ill. |
| Dimensions | 30cm. |
| 490 #0 - SERIES STATEMENT | |
| Series statement | BRE Digest |
| Volume/sequential designation | (DG 436-2) |
| 520 ## - SUMMARY, ETC. | |
| Summary, etc. | Demonstrates the calculation procedure for determining wind loads and includes example calculations for a two-storey house and a 120 m residential tower on a two-storey (8 m) podium. This is the second part of a three-part Digest giving guidance on the use of Eurocode 1 (BS EN 1991-1-4). |
| 520 ## - SUMMARY, ETC. | |
| Summary, etc. | This update to Part 2 replaces the guidance published in 1999. |
| 521 ## - TARGET AUDIENCE NOTE | |
| Target audience note | Advanced |
| 590 ## - LOCAL NOTE (RLIN) | |
| Local note | KA |
| 650 24 - SUBJECT ADDED ENTRY--TOPICAL TERM | |
| Topical term or geographic name entry element | EUROCODE 1 |
| 650 24 - SUBJECT ADDED ENTRY--TOPICAL TERM | |
| Topical term or geographic name entry element | WIND LOADING |
| 650 24 - SUBJECT ADDED ENTRY--TOPICAL TERM | |
| Topical term or geographic name entry element | WIND CONTROL |
| 650 24 - SUBJECT ADDED ENTRY--TOPICAL TERM | |
| Topical term or geographic name entry element | PEAK VELOCITY PRESSURE |
| 651 #4 - SUBJECT ADDED ENTRY--GEOGRAPHIC NAME | |
| Geographic name | United Kingdom |
| Chronological subdivision | |
| 690 ## - LOCAL SUBJECT ADDED ENTRY--TOPICAL TERM (OCLC, RLIN) | |
| Topical term or geographic name as entry element | Environment |
| 9 (RLIN) | 6238 |
| 690 ## - LOCAL SUBJECT ADDED ENTRY--TOPICAL TERM (OCLC, RLIN) | |
| Topical term or geographic name as entry element | Energy |
| 9 (RLIN) | 6237 |
| 942 ## - ADDED ENTRY ELEMENTS (KOHA) | |
| Suppress in OPAC | 0 |
| Source of classification or shelving scheme | Dewey Decimal Classification |
| Withdrawn status | Lost status | Source of classification or shelving scheme | Damaged status | Not for loan | Home library | Current library | Shelving location | Date acquired | Total Checkouts | Full call number | Barcode | Date last seen | Copy number | Price effective from | Koha item type |
|---|---|---|---|---|---|---|---|---|---|---|---|---|---|---|---|
| Dewey Decimal Classification | London | London | BRE publications | 11/09/2015 | BRE | 30078860 | 06/08/2019 | 1 | 06/08/2019 | Book |